Saurez-vous... recopier des mots rapidement ?? - Statistiques

Statistiques générales
  • Ce quiz a été pris 526 fois
  • Le résultat moyen est 7 sur 16
Statistiques - réponses
Hint Réponse % Correct
A (c'est pour l'échauffement) A
100%
Excellent Quiz (merci !) Excellent Quiz
93%
AZERTYUIOPQSDFGHJKLMWXCVBN AZERTYUIOPQSDFGHJKLMWXCVBN
90%
QWERTYUIOPASDFGHJKLZXCVBNM (c'était mieux en AZERTY...) QWERTYUIOPASDFGHJKLZXCVBNM
71%
ABCDEFGHIJKLMNOPQRSTUVWXYZ (l'alphabet) ABCDEFGHIJKLMNOPQRSTUVWXYZ
67%
Bonjour Bonjour
66%
Je m'apele Teuse (oui y'a des fautes, ça travaille les névroses...) Je m'apele Teuse
60%
Et moi ssonneuse (que c'est drôle !) Et moi ssonneuse
56%
Je réponds à un quiz Je réponds à un quiz
48%
alorsquej'aiduboulotouquejedoisdormir alorsquej'aiduboulotouquejedoisdormir
28%
Donc je procrastine Donc je procrastine
23%
123457890 123457890
15%
Qui est président de la république ? Qui est président de la république ?
11%
On vous a dit de recopier, pas de répondre !! Aller nouvelle chance. On vous a dit de recopier, pas de répondre !! Aller nouvelle chance.
7%
Et vous n'avez pas pensé au copier/coller ?? Et vous n'avez pas pensé au copier/coller ??
1%
L'alphabet à l'envers : (aïe aïe aïe... là, il faut vraiment écrire l'alphabet) ZYXWVUTSRQPONMLKJIHGFEDCBA
1%
Aucun quiz correspondant
Distribution des résultats
% des personnes avec chaque résultat
Percentile par nombre de réponses
Votre historique - résultats
Vous n’avez pas pris ce quiz